000 00933nam a2200253Ia 4500
003 OSt
005 20221005113101.0
006 a|||||r|||| 00| 0
007 ta
008 221004b |||||||| |||| 00| 0 pan d
020 _a8787654252 (hbk)
_c375
024 _a17226
037 _b901, 11/03/2015, H.K. Prakashan
_cTextual
040 _aCRL
_cCRL
_bpan
041 _2pan
_apan
082 _aO153,3NCHx, Q5
100 _aਚਾਵਲਾ, ਹਰਬੰਸ ਸਿੰਘ
245 0 _aਪਾਣੀ ਵਿਚ ਮੋਰੀ
_b ਬਾਲ ਲੋਕ ਕਹਾਣੀ ਸੰਗ੍ਰਹਿ
260 _aਦਿੱਲੀ
_bਮਨਪ੍ਰੀਤ ਪ੍ਰਕਾFਨ ਭਾਰਤ
_c2015
300 _a179ਪੰ
_ccm.
650 _aਪੰਜਾਬੀ ਸਾਹਿਤ
942 _hO153,3NCHx, Q5
_cTEXL
_2cc
999 _c1026989
_d1026989